000 01281nam a22003497a 4500
003 CHAP
005 20220329134217.0
008 971013s1993 r 10010 d
010 _a17024
011 _a17996
035 _a22080
040 _cCHAP
082 _a633.1
_bE52 1989
111 0 0 _aEncuentro Científico-Tecnológico del Cultivo de Avena (
_n2
_d: 1989
_c: Cd. Cuauhtémoc, Chih.)
_936769
245 _aMemorias
260 _aCiudad Cuauhtémoc, Chih. :
_bINIFAP. Campo Experimental Sierra de Chihuahua,
_c1993
300 _a120 p.
_b: gráfs.
490 _aINIFAP. Campo Experimental Sierra de Chihuahua. Publicación especial
_v; 1
590 _aBATCH-UPD
_b10
_c20130110
_lUCH01
_h0203
590 _aBATCH-UPD
_b10
_c20130110
_lUCH01
_h2126
590 _aBATCH-UPD
_b10
_c20130410
_lUCH01
_h1436
590 _aBATCH-UPD
_b10
_c20130914
_lUCH01
_h0433
590 _aCONVERSION
_b10
_c20130109
_lUCH01
_h1311
650 1 4 _aAvena
_xChihuahua.
_98508
650 1 4 _aAvena
_xCongresos.
_98510
650 1 4 _aAvena
_xGenética.
_98521
650 1 4 _aAvena
_xMejoramiento.
_98532
830 0 _aINIFAP. Campo Experimental Sierra de Chihuahua. Publicación especial
_v; 1
_958682
901 _aBK
942 _cLIBRO
949 _a633.1 E52 1989
_bBC
_cCONG
_d-51503
_eCONG
_h87019
_i22080
_si
999 _c17024
_d17024